The use of geophysical surveying methods in the detection of natural cavities and mineshafts (Record no. 9787)

MARC details
000 -LEADER
fixed length control field 00710cab a2200217 4500
001 - CONTROL NUMBER
control field MEN1
008 - FIXED-LENGTH DATA ELEMENTS--GENERAL INFORMATION
fixed length control field 090401t1987 xxu||||| |||| 00| 0 eng d
035 ## - SYSTEM CONTROL NUMBER
System control number (Sirsi) u14989
041 ## - LANGUAGE CODE
Language code of text/sound track or separate title eng
100 ## - MAIN ENTRY--PERSONAL NAME
Personal name McCann, D.
245 #4 - TITLE STATEMENT
Title The use of geophysical surveying methods in the detection of natural cavities and mineshafts
260 ## - PUBLICATION, DISTRIBUTION, ETC.
Date of publication, distribution, etc. 1987
350 ## - PRICE (NR) (BK AM CF MU VM SE) [OBSOLETE]
Price 0
490 ## - SERIES STATEMENT
Series statement Quarterly Journal of Engineering Geology
Volume/sequential designation 20 1987, 59-73(15)
520 ## - SUMMARY, ETC.
Summary, etc. Citation from CSM article `Detecting mineshafts using geophysical techniques` CSM:M 3(1) September 1993, 4-6. Stored on gallery.
690 ## - LOCAL SUBJECT ADDED ENTRY--TOPICAL TERM (OCLC, RLIN)
Topical term or geographic name as entry element MINING AND MINERALS
700 ## - ADDED ENTRY--PERSONAL NAME
Personal name Jackson, P.D.
700 ## - ADDED ENTRY--PERSONAL NAME
Personal name Culshaw, M.
942 ## - ADDED ENTRY ELEMENTS (KOHA)
Suppress in OPAC 0
948 ## - LOCAL PROCESSING INFORMATION (OCLC); SERIES PART DESIGNATOR (RLIN)
c (OCLC) 04/03/1997
Holdings
Withdrawn status Lost status Source of classification or shelving scheme Damaged status Not for loan Home library Current library Shelving location Date acquired Total Checkouts Full call number Barcode Date last seen Copy number Price effective from Koha item type
    Dewey Decimal Classification     London London Journal article 14/09/1999   MEN1 14989-1001 06/08/2019 1 06/08/2019 Journal article